<?xml version="1.0" encoding="UTF-8"?>
<marc:record xmlns:marc="http://www.loc.gov/MARC21/slim">
   <marc:leader>00000nam a2200000 a 4500</marc:leader>
   <marc:datafield ind1="1" ind2=" " tag="100">
      <marc:subfield code="a">Euler-Rolle, Matthias</marc:subfield>
      <marc:subfield code="4">ctb</marc:subfield>
      <marc:subfield code="e">Mitwirkende/-r</marc:subfield>
   </marc:datafield>
   <marc:datafield ind1="1" ind2=" " tag="100">
      <marc:subfield code="a">Rinnerhofer, Alexander</marc:subfield>
      <marc:subfield code="4">ctb</marc:subfield>
      <marc:subfield code="e">Mitwirkende/-r</marc:subfield>
   </marc:datafield>
   <marc:datafield ind1=" " ind2=" " tag="653">
      <marc:subfield code="a">Vater</marc:subfield>
   </marc:datafield>
   <marc:datafield ind1=" " ind2=" " tag="653">
      <marc:subfield code="a">Schwangerschaft</marc:subfield>
   </marc:datafield>
   <marc:datafield ind1=" " ind2=" " tag="653">
      <marc:subfield code="a">Geburt</marc:subfield>
   </marc:datafield>
   <marc:datafield ind1=" " ind2=" " tag="653">
      <marc:subfield code="a">Alltag</marc:subfield>
   </marc:datafield>
   <marc:datafield ind1=" " ind2=" " tag="653">
      <marc:subfield code="a">Ratgeber</marc:subfield>
   </marc:datafield>
   <marc:datafield ind1="0" ind2="0" tag="245">
      <marc:subfield code="a">Wenn Männer schwanger sind und Frauen Kinder kriegen</marc:subfield>
   </marc:datafield>
   <marc:datafield ind1="0" ind2="0" tag="245">
      <marc:subfield code="c">Matthias Euler-Rolle ; Alexander Rinnerhofer</marc:subfield>
   </marc:datafield>
   <marc:datafield ind1=" " ind2="1" tag="264">
      <marc:subfield code="a">Wien</marc:subfield>
      <marc:subfield code="b">Molden</marc:subfield>
      <marc:subfield code="c">2009</marc:subfield>
   </marc:datafield>
   <marc:datafield ind1=" " ind2=" " tag="250">
      <marc:subfield code="a">2. Aufl.</marc:subfield>
   </marc:datafield>
   <marc:datafield ind1="1" ind2=" " tag="520">
      <marc:subfield code="a">Angaben aus der Verlagsmeldung

Wenn Männer schwanger sind und Frauen auf Mozart pfeifen / von Matthias Euler-Rolle, Alexander Rinnerhofer

Schatz, ich glaube wir sind schwanger“: Sechs Worte, die das Leben von einer Sekunde auf die andere völlig auf den Kopf stellen. Womit habe ich zu rechnen? Was erwartet uns? Brauchen wir ein neues Auto? Und: Wie werden wir leben? Fragen über Fragen.
Zwei Männer, die einst noch Gebärmutter und Hebamme für ein und dasselbe hielten, werden schwanger. Alexander Rinnerhofer und Matthias Euler-Rolle erzählen von Gefühlen und Erlebnissen wie dem Kauf eines Kinderwagens, der mehr als ein Kleinwagen kostet, väterlichen Essabnormitäten und vom Breierlei der Babynahrung bis hin zu Babybodies, deren Quadratzentimeterpreis, weit über dem eines Seegrundstückes in einer idyllischen Gegend liegt. Schwangerschaft aus der Sicht des Mannes. Humorvoll und im wahrsten Sinn des Wortes prägnant.
Der Leser erfährt nicht nur die ganze Wahrheit über Frauenärzte und familiäre Freiheitskämpfe, sondern er wird auch mit nackten Tatsachen konfrontiert, die einen gewissen Wiedererkennungswert nicht ableugnen können. Und die Autoren geben allen Männern die prenatale Gewissheit: Wir sind nicht allein!
</marc:subfield>
   </marc:datafield>
   <marc:datafield ind1=" " ind2=" " tag="020">
      <marc:subfield code="a">9783854852360</marc:subfield>
      <marc:subfield code="9">9783854852360</marc:subfield>
   </marc:datafield>
   <marc:datafield ind1=" " ind2=" " tag="041">
      <marc:subfield code="a">ger</marc:subfield>
   </marc:datafield>
   <marc:datafield ind1=" " ind2=" " tag="300">
      <marc:subfield code="a">174 S.</marc:subfield>
   </marc:datafield>
</marc:record>
